[Event "YUG-ch"]
[Site "Novi Sad"]
[Date "1995.??.??"]
[Round "?"]
[White "Barlov, Dragan"]
[Black "Mozetic, Dejan"]
[Result "0-1"]
[WhiteElo "2485"]
[BlackElo "2540"]
[Annotator "Hecht,H"]
[PlyCount "127"]
[EventDate "1995.02.??"]
[EventType "tourn"]
[EventRounds "17"]
[EventCountry "YUG"]
[EventCategory "10"]
[SourceTitle "CBM 049"]
[Source "ChessBase"]
[SourceDate "1995.12.01"]
[SourceVersion "1"]
[SourceVersionDate "1995.12.01"]
[SourceQuality "1"]

1. g3 g6 2. Bg2 Bg7 3. d4 d6 4. e4 Nf6 5. Nc3 O-O 6. Nge2 e5 7. h3 Nc6 8. Be3
a6 9. O-O Bd7 10. f4 exd4 11. Nxd4 Re8 12. Bf2 Nxd4 13. Bxd4 c5 14. Bf2 Qc7 15.
Re1 Rad8 16. g4 Bc6 17. Qd2 b5 18. Nd5 Bxd5 19. exd5 Nd7 20. c3 Nb6 21. Rxe8+
Rxe8 22. Re1 Qd7 23. b3 a5 24. Bf3 b4 25. cxb4 axb4 26. Rxe8+ Qxe8 27. Kg2 Na8
28. Qe2 Nc7 29. Qxe8+ Nxe8 30. Be2 Nf6 31. Bf3 Nd7 32. g5 Bc3 33. Kf1 Kg7 34.
Ke2 h6 35. h4 Nb6 36. Kd3 Ba1 37. Be3 f5 38. Bf2 h5 39. Be3 Kf7 40. Bf2 Ke7 41.
Be3 Kd7 42. Bf2 Kc7 43. Be3 Kb7 44. Bf2 Ka6 45. Kc2 Bg7 46. Be2+ Ka5 47. Bf3
Na8 48. Be2 Ba1 49. Be3 Nb6 50. Bf3 Bc3 51. Bf2 Bg7 52. Be3 Na8 53. Be2 Nc7 54.
Bc4 Nb5 55. Bxb5 Kxb5 {L-L bei 6-6 Bauern, schlechter wL, B-Durchbruch mit c4,
Zugzwang. Fehler Zug 59 ermöglicht Überführen des sL nach g1.} 56. Kd3 Bb2 57.
Bf2 (57. Kc2 Bc3 (57... Bd4 58. Bxd4 cxd4 59. Kd3 Kc5 60. Kd2 Kxd5 61. Kd3 Kc5
62. Kd2 d3 63. Kxd3 d5 64. Ke3 d4+ 65. Kd2 Kd5 66. Kd3 $10) 58. Bf2 c4 59. Kd1
Bg7 60. Kc2 c3 61. Kd3 Bf8 62. Bd4 Be7 63. Bf6 Bf8 64. Bd4 $10) 57... Bc1 58.
Bg3 Kb6 59. Kc4 $2 (59. Bh2 $1 $10) 59... Be3 $1 60. Kd3 Bg1 61. Kc4 Bd4 62.
Be1 Be3 63. Bg3 Bg1 64. Kd3 (64. Kd3 Kb5 65. Be1 Bh2 66. Ke3 c4 67. Kf3 Kc5 68.
Bd2 c3 69. Bc1 (69. Be3+ Kxd5 70. Kg2 Ke4 71. Bc1 Bxf4 $19) 69... Bg1 $19) 0-1

[Event "Olympiad-31"]
[Site "Moscow"]
[Date "1994.12.14"]
[Round "13.3"]
[White "Spasov, Vasil"]
[Black "Benjamin, Joel"]
[Result "1-0"]
[WhiteElo "2525"]
[BlackElo "2610"]
[Annotator "Hecht,H"]
[PlyCount "135"]
[EventDate "1994.12.01"]
[EventType "team-swiss"]
[EventRounds "14"]
[EventCountry "RUS"]
[SourceTitle "CBM 045"]
[Source "ChessBase"]
[SourceDate "1995.04.01"]
[SourceVersion "1"]
[SourceVersionDate "1995.04.01"]
[SourceQuality "1"]
[WhiteTeam "Bulgaria"]
[BlackTeam "US of America"]
[WhiteTeamCountry "BUL"]
[BlackTeamCountry "USA"]

1. e4 g6 2. d4 Bg7 3. Nc3 d6 4. Nge2 Nc6 5. Be3 Nf6 6. f3 e5 7. Qd2 O-O 8.
O-O-O d5 9. dxe5 Nxe5 10. Nf4 c6 11. exd5 Qa5 12. Kb1 Bf5 13. Ne4 Qxd2 14.
Nxf6+ Bxf6 15. Bxd2 Rfd8 16. Bc3 g5 17. Nh5 Bh8 18. d6 Bg6 19. Ng3 Rd7 20. h4
gxh4 21. Rxh4 f5 22. Rf4 Rf8 23. a4 Nf7 24. Bxh8 Kxh8 25. Nxf5 Nxd6 26. Rfd4
Bxf5 27. Rxd6 Rxd6 28. Rxd6 Re8 29. Kc1 Re1+ 30. Rd1 Re7 31. g4 Bd7 32. Bd3 c5
33. b3 Bc6 34. f4 Rf7 35. Rf1 h6 36. Kd2 Kg7 37. Ke3 Re7+ 38. Kf2 Rf7 39. Kg3
Re7 40. g5 Re3+ 41. Kg4 Bg2 42. Rf2 Bh3+ 43. Kh5 hxg5 44. Kxg5 Rg3+ 45. Kh4 Re3
46. Re2 Rf3 47. Be4 Rc3 48. Bd3 Bf1 49. Re7+ Kf6 50. Rxb7 Bxd3 51. cxd3 {
This position will transpose to an endgame R+ aP+fP <-> R+c P. To win you are
asked for a high technical competence. The win is a question of tempo.} Kf5 $6
(51... Rxd3 $5 52. Rxa7 Rxb3 53. Kg4 c4 (53... Rb6 $1 54. a5 Rc6 55. a6 (55.
Rb7 c4 56. Rb6 Rxb6 57. axb6 c3 58. b7 c2 59. b8=Q c1=Q 60. Qf8+ Kg6 61. f5+
Kh7 62. Qf7+ Kh8 $10) 55... c4 56. Ra8 (56. Rh7 Kg6 57. a7 Ra6 58. Rc7 Ra1 $10)
56... c3 (56... Kg7 57. a7 Ra6 58. f5 c3 59. f6+ Kf7 60. Rh8 c2 $10) 57. a7 $18
) 54. a5 c3 55. Ra6+ Kg7 56. Kg5 c2 57. Rc6 Ra3 58. Rc7+ Kf8 59. Kf6 Kg8 60. f5
Rxa5 (60... Ra2 61. Kg6 c1=Q 62. Rxc1 $18) 61. Kg6 $18) 52. Rf7+ Kg6 53. Rxa7
Rxb3 54. Kg4 Rxd3 55. Ra6+ Kf7 56. Kg5 c4 57. Rc6 c3 58. f5 Rg3+ 59. Kf4 Rh3
60. Kg4 Rd3 61. a5 Rd5 62. a6 Ra5 63. Kg5 c2 64. Rc7+ Kf8 65. Kg6 Rxa6+ 66. f6
Ra8 67. Rxc2 Rb8 68. Rc7 (68. Rh2 Kg8 69. f7+ $18) (68. Rc7 Kg8 69. Rg7+ Kh8
70. Rh7+ Kg8 71. f7+ $18) 1-0

[Event "Corus-B"]
[Site "Wijk aan Zee"]
[Date "2000.01.24"]
[Round "6"]
[White "Ashley, Maurice"]
[Black "Nijboer, Friso"]
[Result "0-1"]
[WhiteElo "2499"]
[BlackElo "2540"]
[Annotator "Hecht,H"]
[PlyCount "180"]
[EventDate "2000.01.18"]
[EventType "tourn"]
[EventRounds "11"]
[EventCountry "NED"]
[EventCategory "11"]
[SourceTitle "CBM 075"]
[Source "ChessBase"]
[SourceDate "2000.04.05"]
[SourceVersion "1"]
[SourceVersionDate "2000.04.05"]
[SourceQuality "1"]

1. e4 d6 2. d4 Nf6 3. Nc3 g6 4. Be3 c6 5. Qd2 b5 6. Bd3 Bg7 7. f3 Nbd7 8. Nd1
O-O 9. Ne2 e5 10. c3 d5 11. Nf2 dxe4 12. fxe4 Nb6 13. O-O Be6 14. b3 a5 15.
Rfd1 Qc7 16. Bh6 a4 17. Bxg7 Kxg7 18. b4 Rad8 19. Qe3 h6 20. Rd2 Bc4 21. dxe5
Nfd7 22. Ng4 Rh8 23. Qf4 Be6 24. Rf1 h5 25. Ne3 Qxe5 26. Qf2 Nf6 27. Nd4 Bd7
28. Nf3 Qe7 29. Nc2 Nc8 30. Rfd1 Bg4 31. Re1 Bxf3 32. Qxf3 Qe5 33. Nd4 Rd6 34.
Rf2 Rf8 35. h3 Ne7 36. Ref1 Neg8 37. Qe2 Rfd8 38. Bb1 Rxd4 39. cxd4 Rxd4 40. a3
h4 41. Qc2 Rd6 42. Qe2 Nh6 43. Rc1 Nd7 44. Kh1 Ng8 45. Rd1 Rxd1+ 46. Qxd1 Ngf6
47. Qf3 Qg5 48. Qc3 Ne5 49. Kg1 Nh5 50. Ba2 Nf6 51. Bb1 Nc4 52. Ba2 Qe5 53.
Qxe5 Nxe5 54. Re2 Nfd7 55. Kf2 Kf6 56. Ke3 Ke7 57. Kd4 g5 58. Rc2 f6 59. Bg8
Kd6 60. Rc3 Ng6 61. Rc2 Nf4 62. Ba2 Ne5 63. Bg8 Ned3 64. Rd2 Ne1 65. e5+ fxe5+
66. Ke4+ Ke7 67. Kxe5 Nfxg2 68. Kf5 Ne3+ 69. Kg6 g4 70. hxg4 N1g2 71. Rf2 h3
72. Rf7+ Kd6 73. Rh7 Nxg4 74. Kf5 Nf2 75. Rh6+ Kc7 76. Be6 Ne3+ 77. Kf4 Nc2 78.
Bxh3 Nxa3 79. Rh7+ Kb6 80. Bf5 Nc4 81. Rh2 Nd1 82. Ke4 Nd6+ 83. Ke5 Nxf5 84.
Kxf5 {[#] Springer mit Freibauern} Ne3+ 85. Ke4 (85. Ke5 {hätte den folgenden
Trick verhindert.}) 85... Nd5 86. Rb2 a3 87. Rb3 (87. Ra2 Nc3+ $19) 87... a2
88. Ra3 Nxb4 89. Ke5 c5 90. Ke4 c4 0-1

[Event "Linares Anibal op 08th"]
[Site "Linares"]
[Date "2001.01.15"]
[Round "8"]
[White "Potkin, Vladimir"]
[Black "Milov, Vadim"]
[Result "1-0"]
[WhiteElo "2470"]
[BlackElo "2604"]
[Annotator "Hecht,H"]
[PlyCount "133"]
[EventDate "2001.01.08"]
[EventType "swiss"]
[EventRounds "11"]
[EventCountry "ESP"]
[SourceTitle "CBM 081"]
[Source "ChessBase"]
[SourceDate "2001.03.20"]
[SourceVersion "1"]
[SourceVersionDate "2001.03.20"]
[SourceQuality "1"]

1. e4 c5 2. c3 d6 3. d4 Nf6 4. Bd3 Nc6 5. Nf3 e5 6. dxe5 dxe5 7. Bg5 Be7 8. Na3
O-O 9. Nc4 Nh5 10. Bxe7 Qxe7 11. Ne3 Nf4 12. Bc4 Qf6 13. O-O Rd8 14. Nd2 Ne7
15. Qc2 Neg6 16. Rfd1 Nh4 17. Bf1 Qh6 18. Kh1 Qh5 19. Nf3 Rxd1 20. Rxd1 g5 21.
Rd8+ Kg7 22. Nxe5 g4 23. N5c4 Qg5 24. Qd2 b5 25. Na5 Qf6 26. Qd6 Ne6 27. Re8
Bb7 28. Rxa8 Bxa8 29. Nxg4 Qg5 30. Qe5+ Qxe5 31. Nxe5 Bxe4 32. f3 Bb1 33. Bxb5
Bxa2 34. Nac6 Nf5 35. Nxa7 Ne3 36. Be2 Nf4 37. Ba6 Nfxg2 38. b4 cxb4 39. cxb4
Bd5 40. Kg1 Nf4 41. Kf2 Nc2 42. b5 Nb4 43. Nac6 Nxc6 44. Nxc6 Bxc6 45. bxc6 {
[#] Baukastenspiel gegen eine nicht zugangslose Blockadestellung mit
Zugzwangmotiven.} Ne6 46. Bc4 Nc7 47. Ke3 Kf6 48. Kd4 Ke7 49. Kc5 f6 50. Bd3 h6
51. Bf5 Ne8 52. h4 Nc7 53. Bd7 Na8 54. Bh3 Nc7 55. Bg4 Na8 56. h5 Nc7 57. Bd7
Na8 58. Kd5 Nc7+ 59. Ke4 Kf8 60. Kf5 Kf7 61. Bc8 Nb5 62. Be6+ Ke7 (62... Kg7
63. Bd5 Nc7 (63... Nd4+ 64. Ke4 Nb5 65. Bc4 Nc7 66. Kf5 $22) 64. Bc4 $22) 63.
Bd5 Nd4+ 64. Kg6 Ne2 65. Kxh6 Nf4 66. Be4 Kd6 67. Bg6 1-0

[Event "Leon"]
[Site "Leon"]
[Date "1997.06.10"]
[Round "6"]
[White "Mellado Trivino, Juan"]
[Black "Izeta Txabarri, Felix"]
[Result "1/2-1/2"]
[WhiteElo "2430"]
[BlackElo "2490"]
[Annotator "Hecht,H"]
[PlyCount "150"]
[EventDate "1997.06.05"]
[EventType "tourn"]
[EventRounds "9"]
[EventCountry "ESP"]
[EventCategory "10"]
[SourceTitle "CBM 060"]
[Source "ChessBase"]
[SourceDate "1997.09.29"]
[SourceVersion "1"]
[SourceVersionDate "1997.09.29"]
[SourceQuality "1"]

1. e4 d6 2. d4 Nf6 3. Nc3 Nbd7 4. f4 e5 5. Nf3 exd4 6. Qxd4 c6 7. e5 dxe5 8.
fxe5 Bc5 9. Qh4 Qe7 10. Bf4 Bb4 11. O-O-O (11. Bd3 {Fritz 5.00 (100s)} Nd5 12.
Bg5 f6 13. Bg6+ Kd8 14. O-O Bxc3 15. bxc3 fxg5 16. Nxg5 Nxe5 17. Rae1 Qc5+ 18.
Kh1 Qc4 19. Nf7+ Kc7 20. Qg3 hxg6 21. Qxe5+ Kb6 22. Nxh8 Bf5 23. Rb1+ Ka5 24.
Nf7 b5 25. Nd6 Qxc3 26. Qxc3+ Nxc3 27. Rb3 Ne4 28. Nxf5 gxf5 29. Rxf5 Re8 30.
h3 Rd8 31. Rf7 a6 32. Rxg7 Rd2 33. h4 Rxc2 34. a3 c5 35. h5 c4 36. Re3 Nd2 37.
h6 Rc1+ 38. Kh2 Nf1+ 39. Kh3 Nxe3 {0-1 Garcia Luque,A-Izeta,F/San Roque 1996/
CBM 57}) 11... Bxc3 12. exf6 Bxf6 13. Qe1 (13. Qg3 {Fritz 5.00 (100s)} O-O 14.
Bc4 (14. Bd6 Qe3+ 15. Kb1 Qb6 16. b3 Re8 17. Bc4 Nc5 18. Ng5 Bxg5 19. Qxg5 Ne4
20. Bxf7+ Kxf7 21. Qh5+ g6 22. Qxh7+ Kf6 23. Rhf1+ Bf5 24. g4 Nc3+ 25. Ka1 Nxd1
26. Rxf5+ gxf5 27. Qxf5+ Kg7 28. Qg5+ Kf7 29. Qf5+ Kg7 30. Qg5+ {1/2-1/2 Kuijf,
M-Seret,J/Lyon zt 1990/CBM 18}) 14... Qb4 15. Bb3 Nc5 16. Bd6 Re8 (16... Bf5
17. Bxf8 Rxf8 18. Rhf1 Nxb3+ 19. axb3 Bxc2 {1/2-1/2 Yudasin,L-Rivas Pastor,M/
Dos Hermanas 1993/CBM 36}) 17. Kb1 Bf5 18. Ne5 Bxe5 19. Bxe5 Bg6 20. Bc3 Qb5
21. h4 Ne4 22. Qf3 Nxc3+ 23. Qxc3 Rad8 24. a4 Qh5 25. Rdg1 Be4 26. Qb4 h6 27.
Rh3 Rd1+ 28. Rxd1 Qxd1+ 29. Ka2 Bxc2 30. Bxc2 Qxc2 31. Rc3 Re4 {0-1 Rausis,
I-Manouck,T/Andorra op 1994/TD 94\02}) 13... Nb6 14. Qa5 O-O 15. Bd6 Qe3+ 16.
Kb1 Rd8 17. Re1 Rxd6 18. Ba6 (18. Rxe3 $4 Rd1#) 18... Qxe1+ 19. Rxe1 Be6 20.
Bd3 ({Schwächer ist} 20. Bxb7 {Fritz 5.00 (100s)} Nc4 21. Qc5 Rb8 22. Qxa7 Rbd8
$19) 20... Rd5 21. Qb4 g6 22. Qf4 Kg7 23. h4 Ra5 24. Rxe6 fxe6 25. Qc7+ Kg8 26.
Qxb7 Rd5 27. Qxc6 Kf7 28. Qb7+ Kg8 29. Qc6 (29. g4 $5 $16 {Fritz 5.00 (100s)})
29... Kf7 30. Qc7+ Nd7 31. a4 (31. c4 $5 Rxd3 32. Kc2 Re3 33. Qxd7+ $16) 31...
Rb8 32. b3 a5 33. Kc1 (33. Ng5+ $5) 33... Ke7 (33... Rxb3 $142 $1 {Fritz 5.00 
(100s) ist zu beachten} 34. cxb3 Rc5+ 35. Qxc5 Nxc5 $11) 34. Bc4 Rc5 35. Qf4
Ne5 36. Ng5 Rf8 37. Qd4 Rfc8 (37... Bxg5+ $142 {Fritz 5.00 (100s)} 38. hxg5
Rfc8 $15) 38. Nxh7 (38. Ne4 $142 {Fritz 5.00 (100s)} R5c6 39. Nxf6 Nxc4 40.
Nxh7 $18) 38... Bh8 39. Qf2 Nxc4 40. bxc4 Rxc4 41. Qa7+ R8c7 42. Qxa5 Rxc2+ 43.
Kd1 R2c5 44. Qa8 Bg7 45. Qg8 Bh6 46. Ng5 Rd5+ 47. Ke2 Re5+ 48. Kf3 Rf5+ 49. Ke4
Bxg5 50. hxg5 Rcc5 {[#] Hecht Gleiche Stellung, wenige Bauern ==> Remis!} 51.
Qxg6 Rxg5 52. Qh7+ Kd6 53. Qh8 Rce5+ 54. Kf3 Rgf5+ 55. Kg3 Kc7 56. Qe8 Kb6 57.
Kh4 Re4+ 58. g4 Rff4 59. Qb5+ Kc7 60. a5 Rxg4+ 61. Kh5 Kd6 62. Qb6+ Ke7 63.
Qc7+ Kf6 64. Qd8+ Kf7 65. Qd7+ Kg8 66. Qd8+ Kh7 67. a6 Rd4 68. Qe7+ Rg7 69.
Qxe6 Rdd7 70. Qe4+ Kg8 71. Qc4+ Rdf7 72. a7 Rh7+ 73. Kg5 Rhg7+ 74. Kh6 Rh7+ 75.
Kg6 Rhg7+ 1/2-1/2

[Event "GER-ch 70th"]
[Site "Bremen"]
[Date "1998.11.08"]
[Round "3"]
[White "Mainka, Romuald"]
[Black "Hertneck, Gerald"]
[Result "0-1"]
[WhiteElo "2480"]
[BlackElo "2555"]
[Annotator "Hertneck,G"]
[PlyCount "116"]
[EventDate "1998.11.06"]
[EventType "swiss"]
[EventRounds "9"]
[EventCountry "GER"]
[SourceTitle "CBM 068"]
[Source "ChessBase"]
[SourceDate "1999.02.01"]
[SourceVersion "1"]
[SourceVersionDate "1999.02.01"]
[SourceQuality "1"]

1. e4 g6 2. d4 d6 3. Nf3 Nf6 4. Bd3 Bg7 5. O-O O-O 6. Re1 Nc6 7. c3 e5 8. Na3
Bg4 9. Nc2 Nh5 $1 {Hält die Spannung im Zentrum und strebt nach f4} (9... exd4
10. cxd4 Re8 11. h3 $14) 10. Be2 $1 (10. Be3 d5) (10. d5 Ne7 11. h3 Bd7 $13)
10... Nf4 11. Bxf4 exf4 {Den schwarzfeldrigen Läufer gibt man zwar nicht gern,
aber dafür hat Weiß ein festes Zentrum und einen Angriffspunkt auf f4} 12. Qd2
g5 13. h3 Bd7 14. b4 $2 {Pseudoaktiv. Weiß schwächt sich unnötig am
Damenflügel statt mit Tad1 oder Sh2 einen solideren Plan zu verfolgen} h6 15.
Rad1 Ne7 16. e5 d5 (16... dxe5 $5) 17. Nh2 Bf5 18. Bh5 Qd7 19. Qe2 $2 (19. Ng4
{mit der Idee, mit g3 die f-Linie zu öffnen, gefällt mir besser}) 19... Qc6 20.
Qd2 {Die Dame kehrt reumütig zurück, um den Punkt c3 zu decken. Durch diesen
Tempoverlust geht der Vorteil auf Schwarz über} a5 21. bxa5 Bxc2 $2 {In der
Annahme, daß Weiß seine Schwächen am Damenflügel nicht mehr ausreichend decken
kann. Wesentlich stärker war es jedoch, sich den starken Läufer zu behalten} (
21... Rxa5 22. Nb4 Qe6) 22. Qxc2 Rxa5 23. Re2 Ra3 24. Rc1 Rfa8 25. Qb1 b6 26.
Ng4 Qe6 (26... Rxc3 27. Rce1) 27. Rcc2 c5 28. Qd1 R3a4 29. Rcd2 Rc4 30. Rd3 b5
(30... cxd4 31. cxd4 Rac8) 31. Qe1 Nf5 $6 (31... Nc6 $1) 32. dxc5 Rxc5 33. Qd2
Ne7 34. Re1 Nc6 35. h4 $2 {Ein verkrampfter Versuch auf Angriff zu spielen -
noch dazu in hochgradiger Zeitnot} (35. Nf6+ Bxf6 36. exf6 Qxf6 37. Rxd5 Qxc3
38. Qxc3 Rxc3 39. Rxb5 Rxa2 40. Rb7 Ra7 41. Bxf7+ Kg7 42. Rxa7 Nxa7 $11) 35...
Re8 36. hxg5 hxg5 37. Rh3 Nxe5 38. Nxe5 Bxe5 39. Qd3 Re7 40. Bd1 $1 {Der
Läufer wird auf b3 gebraucht, um die Schwäche d5 anzugreifen} Qg6 41. Qxg6+
fxg6 42. Rd3 Kf7 43. Bf3 Kf6 44. Red1 (44. Rxd5 Rxd5 45. Bxd5 Rc7 $1) 44...
Bxc3 45. Rxd5 Rxd5 46. Rxd5 (46. Bxd5 g4) 46... b4 47. Rd8 $2 {Schenkt ein
wichtiges Tempo her. Erstaunlicherweise ist die Partie nun forciert gewonnen -
wenn auch nur studienhaft} (47. Rd6+) (47. g4 $5) 47... Re1+ 48. Kh2 Ra1 49.
Ra8 g4 $1 {Da sich Lxg4 wegen b3 verbietet, geht es nun dem Kh2 an den Kragen}
50. Ra6+ Kg5 $1 (50... Kf5 51. Ra5+) 51. Be4 Bd4 52. Rxg6+ Kh5 53. g3 f3 54.
Bf5 Bxf2 55. Rxg4 {Der Bauernverlust schmerzt Schwarz nicht mehr, da der
f-Bauer kaum mehr zu halten ist} Bg1+ 56. Kh3 Bc5 $1 {Deckt vorsorglich den
Bauern b4} 57. Kh2 Rxa2+ 58. Kh3 Ra1 (58... Ra1 59. Bg6+ Kh6 60. Kh2 f2 61. Bd3
f1=Q 62. Bxf1 Rxf1 $17 63. Rc4) 0-1

[Event "GER-ch 70th"]
[Site "Bremen"]
[Date "1998.11.12"]
[Round "6"]
[White "Hertneck, Gerald"]
[Black "Hickl, Joerg"]
[Result "1/2-1/2"]
[WhiteElo "2555"]
[BlackElo "2540"]
[Annotator "Hertneck,G"]
[PlyCount "115"]
[EventDate "1998.11.06"]
[EventType "swiss"]
[EventRounds "9"]
[EventCountry "GER"]
[SourceTitle "CBM 068"]
[Source "ChessBase"]
[SourceDate "1999.02.01"]
[SourceVersion "1"]
[SourceVersionDate "1999.02.01"]
[SourceQuality "1"]

1. d4 d6 2. e4 Nf6 3. Nc3 g6 4. Be3 c6 5. Qd2 b5 6. Bd3 Qc7 7. Nf3 Bg4 8. h3
Bxf3 9. gxf3 Nbd7 10. f4 Bg7 11. O-O-O b4 12. Ne2 Rb8 13. Kb1 O-O 14. c4 bxc3
15. Nxc3 c5 16. e5 {leitet einen bemerkenswerten taktischen Reigen ein} cxd4
17. Bxd4 dxe5 $6 (17... Ne8 18. Nd5 Qd8 19. Nb4 $13) 18. fxe5 Nxe5 {Sehr mutig
- oder hatte Jörg die Folgen unterschätzt?} (18... Nh5 19. f4) 19. Nb5 Qb7 $1 (
19... Ne4 $1 20. Qe3 (20. Nxc7 $2 Nxd2+ 21. Rxd2 Nf3 22. Bxg7 Nxd2+ 23. Kc2
Kxg7 24. Kxd2 Rxb2+ 25. Ke3 Rxa2) 20... Qa5 (20... Qc6 21. Rc1 Qd7 22. Bxe5
Nxf2 23. Bxg7 Kxg7 24. Bc4 Nxh1 25. Rxh1 Rxb5 26. Bxb5 Qxb5 27. Qxe7) 21. Bxe5
Bxe5 22. Qxe4 Rxb5 23. Bxb5 Qxb5 24. Rd2) 20. Bxe5 Ne4 21. Qe3 $1 (21. Qe2 $2
Bxe5 22. Rhe1 Nc3+ 23. bxc3 Bxc3) 21... Bxe5 22. a4 f5 23. f3 a6 {Eine
köstliche Stellung - alles hängt} 24. fxe4 axb5 25. exf5 $1 Bf6 $2 (25... Bg7
26. axb5 gxf5 27. Rhf1 $13) (25... Bxb2 $2 26. Be4 $1) 26. Bxb5 gxf5 27. Rhf1
Rfd8 28. Rxd8+ Rxd8 29. Rxf5 Kh8 30. Ka2 {Weiß hat ein besseres Endspiel
errecht, in dem die Verwertung der Bauernmajorität am Damenflügel jedoch auf
technische Probleme stößt, solange die Damen auf dem Brett sind} Qg2 31. Rf2
Qg1 32. Re2 Qh1 33. Rc2 Qd5+ 34. Qb3 Qe5 35. Re2 Qc5 36. Qc4 Qf5 37. Qe6 Qc5
38. Qe4 Qh5 39. Re3 Qg5 40. Bd3 Qh5 41. Rf3 Rb8 42. Bb5 Qf7+ 43. Rb3 Rd8 44.
Qc4 Qh5 45. a5 Qf5 46. a6 Rd1 47. Rd3 Qf2 48. Qb4 Rc1 49. Rd2 (49. Rd8+ Kg7 50.
Bd3 Rc5 51. Rb8) (49. Ba4 Kg7 50. Rd2 Qe3 51. Qg4+ Kh6 52. Re2 Qc5 53. Qf4+)
49... Qb6 50. Kb3 $2 {Ermüdet durch den zähen Widerstand des kommenden
Deutschen Meisters begeht Weiß den folgenschweren Fehler, seinen König auf
einen Spaziergang zu schicken} (50. Rd3 Rc8 (50... Rc2 51. Rb3 Qe6 52. a7 Rxb2+
53. Ka3 Rxb3+ 54. Qxb3 Qd6+ 55. Qb4 Qd8 56. Bd7 Kg7 57. Qa4 Qc7 58. a8=Q Qc1+
59. Kb4 Qd2+ 60. Kb5 Qxd7+ 61. Qc6 Qxh3) 51. Rb3 Rb8 52. Qa3) 50... Rc8 51. Bd3
(51. Bf1 Qe6+ 52. Ka3 Qe5) 51... Qe6+ 52. Ka3 Rd8 53. Qb3 Qe3 (53... Qe5 54.
Qc3 Qd6+ 55. Qb4 Bxb2+) 54. Rd1 Qe5 55. Ka4 Qf4+ 56. Ka3 Qe5 (56... Qc7 57. Qb4
Rb8 58. Bb5 Qe5 59. Ka4) 57. Ka4 Qf4+ (57... Qd4+ 58. Qb4) 58. Ka3 1/2-1/2

[Event "Itau Mercosul Cup 3rd"]
[Site "Sao Paulo"]
[Date "1999.??.??"]
[Round "8"]
[White "Matsuura, Everaldo"]
[Black "Camara, Helder"]
[Result "1-0"]
[WhiteElo "2408"]
[BlackElo "2345"]
[Annotator "Hindemburg,Melao"]
[PlyCount "35"]
[EventDate "1999.10.??"]
[EventType "swiss"]
[EventRounds "9"]
[EventCountry "BRA"]
[SourceTitle "EXT 2000"]
[Source "ChessBase"]
[SourceDate "1999.11.16"]
[SourceVersion "1"]
[SourceVersionDate "1999.11.16"]
[SourceQuality "1"]

1. e4 d6 2. d4 Nf6 3. Nc3 c6 4. f4 Qa5 5. Bd3 e5 6. Nf3 Bg4 7. Be3 Nbd7 8. O-O
(8. Qd2 $5) 8... Be7 9. h3 (9. Qd2 Bxf3 10. Rxf3 Ng4 11. Ne2 Qb6 12. c3 Nxe3
13. Rxe3 Bf6 14. Bc4 O-O 15. Kh1 Rad8 16. Rd3 Qc7 17. Rd1 Nb6 18. Bb3 exf4 19.
Qxf4 Qe7 20. Rf1 Bg5 21. Qg4 Bh6 22. Ng3 $16 g6 $2 (22... Qg5 $142) 23. Nf5 Qg5
24. Qe2 $2 $16 {Tsuboi,E-Pelikian,Je/Sao Paulo op/1996} (24. Rg3 $1 gxf5 (24...
Qxg4 25. Nxh6+ $18) (24... Qd2 25. Qh4 $1 $18) 25. Qf4 Qxg3 26. Qxg3+ Kh8 27.
Rxf5 $18) (24. Qh3 $1 $18)) (9. Qe1 $5) (9. Kh1 $5) 9... Bxf3 (9... exf4 10.
Bxf4 Bxf3 11. Rxf3 Qb6 12. Ne2 $14 {Glek,I-Cseshkovsky,V/Philadelphia/1990/})
10. Qxf3 h5 (10... O-O-O 11. a3 Rdg8 12. b4 Qc7 13. b5 Qa5 14. bxc6 bxc6 15.
Bd2 Qb6 16. Rab1 Qc7 17. d5 cxd5 18. exd5 g5 19. fxg5 e4 20. Nxe4 Nxe4 21. Qxe4
Bxg5 22. Rxf7 Qc5+ 23. Kh1 Bf6 24. Ba6+ {1-0 Matsuura,E-Umetsubo,C/Sao Paulo
1998}) (10... O-O $142 11. g4 (11. Ne2 $5) 11... exd4 12. Bxd4 Nc5 13. a3 Ne6
14. Be3 Rfd8 15. b4 Qc7 16. Kh1 d5 17. f5 dxe4 18. Nxe4 Nd4 19. Qf2 Nxe4 20.
Bxe4 Qe5 21. Bd3 Qd5+ 22. Kg1 Bf6 23. g5 $2 (23. Rad1 Qa2 24. g5 Be5 25. f6 g6
26. Bxg6 hxg6 27. Bxd4 Bxd4 28. Rxd4 $14) 23... Be5 (23... Nf3+ $1 24. Qxf3
Qxf3 25. Rxf3 Bxa1 $17) 24. g6 (24. Rad1) 24... hxg6 (24... Nf3+ $1) 25. fxg6
fxg6 26. Bxg6 $2 (26. Rad1 Rf8 27. Qg2 Rf3 28. c4 Rxf1+ 29. Rxf1 Nf3+ 30. Qxf3
Qxd3 $17) 26... Rf8 27. Qh4 (27. Qg2 Nf3+ $19) 27... Ne2# {0-1 Klos,S-Stierhof,
M/Bayern 1994[Bulletin]}) 11. a3 O-O-O 12. b4 $40 Qc7 13. Rab1 Kb8 14. b5 c5
15. b6 Nxb6 16. Nb5 Qd7 17. fxe5 Ne8 18. exd6 1-0

[Event "Munich SKA"]
[Site "Munich"]
[Date "1992.??.??"]
[Round "4"]
[White "Jussupow, Artur"]
[Black "Speelman, Jonathan S"]
[Result "1/2-1/2"]
[WhiteElo "2655"]
[BlackElo "2630"]
[Annotator "Jussupow,A"]
[PlyCount "66"]
[EventDate "1992.05.??"]
[EventType "tourn"]
[EventRounds "11"]
[EventCountry "GER"]
[EventCategory "14"]
[SourceTitle "CBM 030"]
[Source "ChessBase"]
[SourceDate "1992.10.01"]
[SourceVersion "1"]
[SourceVersionDate "1992.10.01"]
[SourceQuality "1"]

1. d4 g6 2. Nf3 Bg7 3. e4 d6 4. Bd3 Nf6 5. O-O O-O 6. c3 c5 7. h3 Nc6 8. d5 (8.
Be3 cxd4 9. cxd4 d5 (9... Nb4 10. Nc3 $14) 10. e5 Ne4 $13) 8... Na5 $5 (8...
Ne5 9. Nxe5 dxe5 10. Be3 Qc7 11. Nd2 {/\b4+/-}) 9. Na3 (9. c4 $5 $14) 9... b6
10. Bd2 (10. Rb1 $5) 10... e6 11. c4 Re8 $6 (11... e5 $142 {/\Nh5<=>}) 12. Re1
Nd7 $6 (12... e5 $14) 13. Rb1 Ne5 (13... exd5 14. cxd5 a6 $14) 14. Nxe5 Bxe5
15. f4 $16 Bg7 16. Qf3 a6 17. b3 Bd7 18. Kh1 exd5 19. cxd5 b5 20. f5 Rc8 $6 (
20... b4 21. Nc2 Bb5 22. Bxb5 axb5 23. Rf1 $36) (20... Nb7 {/\c4,Nc5}) (20...
Be5 $5) 21. f6 $1 (21. Rf1 Be5 22. fxg6 fxg6 23. Qf7+ Kh8 24. Bxa5 Qxa5 25.
Qxd7 Rcd8 $13) 21... Bh8 (21... Bf8 $142 $16) (21... Bxf6 22. Bxa5 (22. Rf1 Be5
$1) 22... Qxa5 23. Qxf6 Qxa3 24. Rf1 Rf8 25. Qxd6 Rcd8 26. Qe7 $18 {/\Rf7}) 22.
Rf1 c4 23. bxc4 bxc4 24. Bxa5 (24. Be2 $5 $18 {><a5,h8}) 24... Qxa5 25. Nxc4
Qc7 26. Nb6 $2 (26. Qf4 $142 Bb5 27. Rxb5 axb5 28. Nxd6 $18) 26... Rb8 27. Rfc1
Qd8 28. Nxd7 Rxb1 29. Rxb1 Qxd7 30. Bxa6 Qa4 (30... Qa7 $5 31. Bb5 Qxa2 $132)
31. Rb6 h6 $1 (31... Rxe4 $4 32. Qxe4 $18) 32. Rxd6 (32. Bd3 Qxa2 33. Rxd6 Qa1+
34. Bf1 Qe5 35. Rc6 Rd8 $1 {/\Rd6=;><f6}) (32. Bb5 Qd4 33. Bxe8 Qxb6 {/\Qd8=})
32... Rxe4 $132 33. Qc3 $138 (33. Rd8+ $6 Kh7 34. Rf8 Rf4 35. Rxf7+ Kg8 36. Qe3
Re4 $17) (33. Bd3 Rf4 {><f6}) (33. Rc6 Qd4) 33... Re8 (33... Qd1+ $2 34. Kh2
Re1 35. Rd8+ Kh7 36. Rd7 $18) (33... Re8 34. Bc4 $1 (34. Rc6 $5 Qd1+ 35. Kh2
Qxd5 36. Bc4 $1 $16) 34... Qa7 {/\Qf2} 35. Qd2 $1 Qc7 (35... Qb8 $5) 36. Rc6
Qg3 37. Bf1 $16 Re1 $140 38. Rc8+ Kh7 39. Rxh8+ $18) 1/2-1/2